| 000 | 03073cam0 2200505 ib4500 | ||
|---|---|---|---|
| 001 | BY-NLB-br0001096140 | ||
| 005 | 20260402103626.0 | ||
| 010 | ^a978-5-98156-547-2 | ||
| 100 | ^a20140707d2013 m y0rusy50 ca | ||
| 101 | 0 | ^arus | |
| 102 | ^aRU | ||
| 105 | ^ay z 000zy | ||
| 109 | ^ama | ||
| 181 | 0 | ^ai4 | |
| 182 | 0 | ^an | |
| 200 | 1 |
^aА. Т. Твардовский. Смоленщина ^fсоставитель В. В. Ильин ^gавтор вступительной статьи П. И. Привалов |
|
| 203 |
^aТекст ^cнепосредственные |
||
| 210 | ^d2013 | ||
| 215 | ^a286 с. | ||
| 327 | 0 | ^aСодержание: Дневник председателя колхоза ; Рассказы о колхозе "Память Ленина" ; Наброски неудавшейся повести ; Страна Муравия | |
| 345 | ^9810 экз. | ||
| 461 | 1 |
^12001 ^aСмоленская земля в памятниках русской словесности ^e[сборник ^fпод общей редакцией В. В. Ильина] ^vТ. 44, ч. 2 ^1010 ^a978-5-98156-366-9 ^bв переплете ^1210 ^aСмоленск ^cМаджента ^d2012—2013 ^1215 ^d22 см |
|
| 464 | 0 |
^12001 ^aСтрана Муравия |
|
| 464 | 0 |
^12001 ^aДневник председателя колхоза |
|
| 608 |
^3BY-NLB-ar23936 ^aПОВЕСТЬ ^2BYGNR |
||
| 608 |
^3BY-NLB-ar27475 ^aРАССКАЗ ^2BYGNR |
||
| 608 |
^3BY-NLB-ar25016 ^aПОЭМА (лит.) ^2BYGNR |
||
| 608 |
^3BY-NLB-ar9593 ^aДНЕВНИК ^2BYGNR |
||
| 608 |
^3BY-NLB-ar49375 ^aЭПИСТОЛЯРНАЯ ЛИТЕРАТУРА (тексты) ^2BYGNR |
||
| 686 |
^a83.3(2Рос) + 84(2Рос)6-4 + 84(2Рос)6-5 ^2rubbk |
||
| 690 |
^a1 ^2Base ^9BY-MI0000 ^xRSEK |
||
| 701 | 1 |
^3BY-NLB-ar96051 ^aТвардовский ^bА. Т. ^gАлександр Трифонович ^cпоэт ^f1910—1971 |
|
| 702 | 1 |
^3BY-SEK-ar7501805 ^aПривалов ^bП. И. ^gПетр Иванович ^4080 |
|
| 702 | 1 |
^3BY-NLB-ar2674208 ^aИльин ^bВ. В. ^gВиктор Васильевич ^cдоктор филологических наук ^fрод. 1929 ^4220 ^4340 |
|
| 801 | 0 |
^aBY ^bBY-HM0000 ^c20140707 ^gpsbo |
|
| 801 | 2 |
^aBY ^bBY-MI0000 ^c20260324 ^gRCR |
|
| 035 | ^a(BY-MI0000)BY-NLB-br0001096140 | ||
| 899 | 0 |
^aBY-MI0000 ^iС511 ^h83.3(2Рос) |
|